UM Logo

Effectiveness of a Whole-of-School Approach in Promoting Physical Activity for Children / (Record no. 24307)

MARC details
000 -LEADER
fixed length control field 01078nam a22002537a 4500
003 - CONTROL NUMBER IDENTIFIER
control field OSt
005 - DATE AND TIME OF LATEST TRANSACTION
control field 20260415154047.0
008 - FIXED-LENGTH DATA ELEMENTS--GENERAL INFORMATION
fixed length control field 260212b |||||||| |||| 00| 0 eng d
040 ## - CATALOGING SOURCE
Transcribing agency 0
082 ## - DEWEY DECIMAL CLASSIFICATION NUMBER
Classification number DPer 796.07 J826 January-October 2023 v. 42 n. 1-4
100 ## - MAIN ENTRY--PERSONAL NAME
Personal name Katewongsa, Piyawat.
Relator term author.
9 (RLIN) 69678
245 ## - TITLE STATEMENT
Title Effectiveness of a Whole-of-School Approach in Promoting Physical Activity for Children /
Statement of responsibility, etc. Piyawat Katewongsa, Panya Choolers, Pairoj Saonuam, and Dyah Anantalia Widyastari
260 ## - PUBLICATION, DISTRIBUTION, ETC. (IMPRINT)
Place of publication, distribution, etc. US
Name of publisher, distributor, etc. Human Kinetics, Inc.
Date of publication, distribution, etc. April 2023
300 ## - PHYSICAL DESCRIPTION
Extent Volume 42, pages 225-234 :
Other physical details illustration ;
Dimensions 29 cm.
500 ## - GENERAL NOTE
General note Journal of Teaching in Physical Education, vol. 42 no. 2, pages 225-234, January-October 2023.
650 #0 - SUBJECT ADDED ENTRY--TOPICAL TERM
Topical term or geographic name as entry element Elementary school students.
9 (RLIN) 64906
650 #0 - SUBJECT ADDED ENTRY--TOPICAL TERM
Topical term or geographic name as entry element Foreign countries.
9 (RLIN) 67089
650 #0 - SUBJECT ADDED ENTRY--TOPICAL TERM
Topical term or geographic name as entry element Health behavior.
9 (RLIN) 3157
700 ## - ADDED ENTRY--PERSONAL NAME
Personal name Katewongsa, Piyawat.
Relator term author.
9 (RLIN) 69678
700 ## - ADDED ENTRY--PERSONAL NAME
Personal name Choolers, Panya.
Relator term author.
9 (RLIN) 69679
700 ## - ADDED ENTRY--PERSONAL NAME
Personal name Saonuam, Panya.
Relator term author.
9 (RLIN) 69680
700 ## - ADDED ENTRY--PERSONAL NAME
Personal name Widyastari, Dyah Anantalia.
Relator term author.
9 (RLIN) 69681
942 ## - ADDED ENTRY ELEMENTS (KOHA)
Source of classification or shelving scheme Dewey Decimal Classification
Koha item type Periodicals
Holdings
Withdrawn status Lost status Source of classification or shelving scheme Damaged status Not for loan Collection code Home library Current library Date acquired Total Checkouts Full call number Date last seen Price effective from Koha item type Public note
    Dewey Decimal Classification     Periodicals UM Digos College - LIC UM Digos College - LIC 02/12/2026   DPer 796.07 J826 January-October 2023 v. 42 n. 1-4 02/12/2026 12/02/2026 Periodicals Periodical Article